Statistics for Alphabet with One Piece Characters (Male and Females)

Click here to take the quiz!

General Stats

  • This quiz has been taken 139 times
  • The average score is 15 of 51

Answer Stats

CharactersAnswer% Correct
MMonkey D Luffy
86%
RRoronoa Zoro
82%
NNami
80%
RRobin
75%
VVinsmoke Sanji
70%
B
Brook
69%
FFranky
69%
TTony Tony Chopper
69%
PPortgas D Ace
65%
UUsopp
59%
JJinbe
57%
SShanks
54%
GGol D Roger
50%
VVivi
50%
DDonquixote Doflamingo
47%
BBoa Hancock
44%
AArlong
43%
EEdward Newgate
39%
AAlvida
35%
YYamato
29%
XX Drake
24%
JJewelry Bonney
22%
KKuzan
22%
PPerona
22%
QQueen
20%
ZZeff
19%
CCarrot
18%
KKalifa
18%
TTashigi
18%
YYasopp
15%
HHina
13%
LLaboon
10%
UUta
10%
MMonet
9%
OOtohime
7%
WWhos Who
7%
IIceburg
6%
SSadi
6%
ZZala
6%
CCaesar Clown
5%
HHiriluk
5%
NNekomamushi
5%
OOars
5%
WWanda
5%
DDomino
2%
EEsta
1%
FFillonce
1%
GGinrummy
1%
IIshilly
1%
LLulis
1%
QQuincy
1%

Score Distribution

Percentile by Number Answered

Percent of People with Each Score

Your Score History

You have not taken this quiz